书目信息 |
| 题名: |
电视教材编导与制作
|
|
| 作者: | 李运林 主编 | |
| 分册: | ||
| 出版信息: | 北京 高等教育出版社 1991.10 |
|
| 页数: | 477页 | |
| 开本: | 20cm | |
| 丛书名: | ||
| 单 册: | ||
| 中图分类: | G432 | |
| 科图分类: | 38.1638 | |
| 主题词: | 广播电视教学-教材--编制 , 教材-广播电视教育--编制 | |
| 电子资源: | ||
| ISBN: | 7-04-003480-8 | |
| 000 | 00913nam0 2200277 45 | |
| 001 | 0192005122 | |
| 005 | 20061011144210.29 | |
| 010 | @a7-04-003480-8@dCNY14.97 | |
| 092 | @b20051103 | |
| 100 | @a19920318d1991 em y0chiy0121 ea | |
| 101 | 0 | @achi |
| 102 | @aCN@b110000 | |
| 105 | @ay z 000yy | |
| 200 | 10 | @a电视教材编导与制作@ADIAN SHI JIAO CAI BIAN DAO YU ZHI ZUO@f李运林主编@FLI YUN LIN ZHU BIAN |
| 210 | @a北京@c高等教育出版社@d1991.10 | |
| 215 | @a477页@d20cm | |
| 300 | @a高等学校教材 | |
| 330 | @a本书介绍了电视教材的特点、类型、编制过程以及编制电视教材的理论基础,介绍了电视教材的制作技术等。 | |
| 540 | 1 | @a电视 教材 编导 制作@ADIAN SHI JIAO CAI BIAN DAO ZHI ZUO |
| 606 | @a广播电视教学-教材@x编制 | |
| 606 | @a教材-广播电视教育@x编制 | |
| 690 | @aG432@v三版 | |
| 692 | @a38.1638 | |
| 701 | 0 | @a李运林@ALI YUN LIN@4主编 |
| 801 | 0 | @aCN@bTSSF@c20061011 |
| 905 | @a10447@dG432@e53 | |
| 电视教材编导与制作/李运林主编.-北京:高等教育出版社,1991.10 |
| 477页;20cm |
| 高等学校教材 |
| ISBN 7-04-003480-8:CNY14.97 |
| 本书介绍了电视教材的特点、类型、编制过程以及编制电视教材的理论基础,介绍了电视教材的制作技术等。 |
| ● |
| 相关链接 |
|
|
|
|
正题名:电视教材编导与制作
索取号:G432/53
 
预约/预借
| 序号 | 登录号 | 条形码 | 馆藏地/架位号 | 状态 | 备注 |
| 1 | 0493810 | 204938103 | 密集书库/ [索取号:G432/53] | 在馆 | |
| 2 | 0493811 | 204938112 | 密集书库/ [索取号:G432/53] | 在馆 | |
| 3 | 0493812 | 204938121 | 密集书库/ [索取号:G432/53] | 在馆 | |
| 4 | 0493813 | 204938130 | 密集书库/ [索取号:G432/53] | 在馆 | |
| 5 | 0493814 | 204938149 | 密集书库/ [索取号:G432/53] | 在馆 | |
| 6 | 0493815 | 204938158 | 密集书库/ [索取号:G432/53] | 在馆 |